| 000 | 00967nam a2200313 a 4500 | ||
|---|---|---|---|
| 001 | vtls001359845 | ||
| 003 | NLI | ||
| 005 | 20210627081532.0 | ||
| 008 | 120625s1967 dcua f000 0 eng | ||
| 039 | 9 |
_y201206251830 _zVLOAD |
|
| 040 |
_aNLI _beng _cDatasoft_FOD_6 _eAACR2 |
||
| 041 | 0 | _aeng | |
| 044 | _a dcu | ||
| 082 | 0 | 4 | _a 629.40973 |
| 110 | 1 |
_aUnited States. _bDepartment of Navy _9716035 |
|
| 245 | 1 | 0 |
_aNavy space and astronautics orientation / _cUnited States, Department of Navy |
| 260 |
_aWashington, D. C. : _bThe Department, _c1967 |
||
| 300 |
_aviii, 226 p. : _bill. ; _c26 cm. |
||
| 500 | _aNAVPERS 10488 | ||
| 500 | _aGlossary : p. 203-226 p | ||
| 650 | 0 |
_aAstronautics _zUnited States _9710827 |
|
| 650 | 0 |
_aAeronautics _zUnited States _9710828 |
|
| 887 | _a | ||
| 901 |
_aAD 49796 _b15.01.1974 |
||
| 902 | _aU.S 629.40973 Un 3 | ||
| 904 | _l3742 | ||
| 949 |
_AVIRTUAITEM _D10002 _X100 _6FOD000049796ENG |
||
| 942 |
_2ddc _cBKS |
||
| 999 |
_aVIRTUA40 _c720420 _d720420 |
||